Cantar de los Cantares. Sendas del amor. Poesía.
محفوظ في:
| المؤلف الرئيسي: | |
|---|---|
| التنسيق: | غير معروف |
| اللغة: | الإنجليزية |
| منشور في: |
Navarra, España:
Verbo Divino (EVD),
2005.
|
| سلاسل: | Nueva Biblia Española.
|
| الموضوعات: | |
| الوسوم: |
إضافة وسم
لا توجد وسوم, كن أول من يضع وسما على هذه التسجيلة!
|
MARC
| LEADER | 00000 a2200000 4500 | ||
|---|---|---|---|
| 003 | CL-VaPUC | ||
| 005 | 20231123120200.0 | ||
| 008 | 231120t2005 ||||| |||| 00| 0 eng d | ||
| 999 | |c 442382 |d 442380 | ||
| 020 | |a 84-8169-695-1 | ||
| 040 | |c Pontificia Universidad Católica de Valparaíso | ||
| 082 | |2 22 |a 223.9 LUZ 2005 | ||
| 100 | |a Luzarraga, Jesús |9 885664 |e autor | ||
| 245 | |a Cantar de los Cantares. |b Sendas del amor. Poesía. | ||
| 260 | |a Navarra, España: |b Verbo Divino (EVD), |c 2005. | ||
| 300 | |a 650 páginas. | ||
| 490 | |a Nueva Biblia Española. | ||
| 583 | |k GC |c 20231120 | ||
| 650 | 0 | |9 257603 |a Biblia |x Antiguo Testamento. |x Poesías hebreas |x Cantar de los cantares | |
| 650 | 0 | |9 257603 |a Biblia |x Antiguo Testamento |x Libros Poéticos |x Salomón | |
| 942 | |2 ddc |c BK | ||
| 952 | |0 0 |1 0 |2 ddc |4 0 |6 223_900000000000000_LUZ_2005 |7 0 |8 A |9 592443 |a BIBTEO |b BIBTEO |d 2023-11-10 |e 8 |g 45500.00 |i 5659457 |o 223.9 LUZ 2005 |p 5659457 |r 2025-01-17 |t 1 |v 45500.00 |w 2023-11-10 |y BK |k ICR | ||